000 00442nam a2200157Ia 4500
003 GCL
008 140319s9999 xx 000 0 ara d
040 _aGCL /
_cGCL
082 0 4 _a410
_bع ف
100 1 _aعثمان امين
245 1 0 _aفلسفة اللغة العربية /
_cعثمان امين
300 _a110
490 _aالمكتبة الثقافية
_v0
650 0 4 _aاللغة العربية - فلسفة
942 _2ddc
_cBK
999 _c40350
_d40350